Statistics for 2010-11 NFL Playoffs

Click here to take the quiz!

General Stats

  • This quiz has been taken 1,178 times
  • The average score is 10 of 12

Answers on the Map

Answers color-coded by a green-red scale on the quiz's map according to % correct below.
 

Answer Stats

Team% Correct
Green Bay Packers
96%
New England Patriots
96%
Pittsburgh Steelers
95%
Baltimore Ravens
87%
Seattle Seahawks
86%
Indianapolis Colts
85%
New Orleans Saints
83%
Philadelphia Eagles
81%
Kansas City Chiefs
80%
Chicago Bears
76%
New York Jets
76%
Atlanta Falcons
74%

Score Distribution

Percentile by Number Answered

Percent of People with Each Score

Your Score History

You have not taken this quiz